000 00319nam a22001457a 4500
008 221104b ||||| |||| 00| 0 eng d
020 _a9780878357772
041 _aeng
080 _a004
082 _a004 QUA
100 _a18
101 _aSHK
245 _aPROGRAMMING IN QUICK BASIC
_cQUASNEY J
942 _2udc
_cBK
999 _c58744
_d58744